000 00925cam a2200193 4500
001 WB@3612-53
008 041202n2004 000 0 eng u
035 _a(Sirsi) u128182
245 _aEstimated constuction output
260 _c2004
490 _aDTI Press Release
_v(P2002/445) 1 December 2004 (2)
520 _a"Review of the early estimates of construction output for GDP in 2003" builds on an interim report published 12 February 2004. It explores why there were revisions to the estimates of construction sector output growth between the first and second quarter of 2003, and what they were, and looks into the scope for improving these early estimates. The report is available at: http://www.dti.gov.uk/construction/stats/review.ht m
590 _aWB
590 _aWB
650 _aCONSTRUCTION STATISTICS
650 _aCONSTRUCTION OUTPUT
690 _aBUILDING AND CONSTRUCTION-ECONOMICS
942 _n0
999 _c118397
_d118397